La cattedrale di Amiens

Enregistré dans:
Détails bibliographiques
Auteur principal: Tafuri, Manfredo (Auteur)
Format: Livre
Langue:italien
Publié: Florencia Sadea 1965
Collection:Forma e Colore. I Grandi Cicli dell'Arte, 25
Sujets:
Tags: Ajouter un tag
Pas de tags, Soyez le premier à ajouter un tag!

MARC

LEADER 00000nam a2200000 a 4500
001 UCK4577
003 CL-VaPUC
008 050610e19650000IT |||||||||||||||||ita|d
082 0 4 |a 726.6  |b TAF  |2 21 
100 0 |a Tafuri, Manfredo  |e author  |9 493130 
245 1 3 |a La cattedrale di Amiens 
300 |a Pág. Irreg 
942 |c BK 
945 |d 20050610 00:00:00  |a jcarroza 
260 |a Florencia  |b Sadea  |c 1965 
650 7 |a CATEDRALES  |2 CL-VaPUC  |9 267660 
650 0 |a Arquitectura religiosa  |9 266677 
650 0 |a Arquitectura gótica  |9 265519 
651 7 |a AMIENS  |2 CL-VaPUC  |9 493131 
651 0 |a Italia  |9 254949 
583 |a last modification  |c 20050610 00:00:00  |k Rodrigo Vera 
490 0 |a Forma e Colore. I Grandi Cicli dell'Arte, 25 
999 |c 313404  |d 313402 
952 |0 0  |1 0  |4 0  |6 726_600000000000000_TAF_1965  |7 0  |8 A  |9 384733  |a BIBARQ  |b BIBARQ  |d 2019-11-22  |i 4127080  |o 726.6 TAF 1965  |p 4127080  |r 2024-01-16  |w 2019-11-22  |y BK  |k ARQ